5 größte Städte nach Land - Statistiken

Allgemein
  • Dieses Quiz wurde 458 mal gespielt
    413 seit der letzten Aktualisierung
  • Das Durchschnittsergebnis liegt bei 43 aus 60
Antwortstatistiken
Country City % Korrekt
Vereinigte Staaten New York
97%
Vereinigtes Königreich London
95%
Spanien Madrid
95%
Frankreich Paris
95%
Spanien Barcelona
94%
Deutschland Berlin
94%
Australien Sydney
94%
Deutschland Hamburg
93%
Deutschland München
93%
Italien Rom
93%
Vereinigte Staaten Los Angeles
92%
China Peking
92%
Deutschland Köln
91%
Italien Mailand
90%
Frankreich Marseille
90%
Russia Moskau
90%
Vereinigte Staaten Chicago
88%
Brasilien São Paulo
88%
Frankreich Lyon
86%
Vereinigtes Königreich Manchester
86%
Canada Toronto
86%
Deutschland Frankfurt
85%
Australien Melbourne
85%
Brasilien Brasilia
84%
Italien Neapel
84%
Brasilien Rio de Janeiro
84%
Vereinigtes Königreich Birmingham
82%
China Shanghai
82%
Vereinigtes Königreich Liverpool
81%
Indien Mumbai
81%
Russia St. Petersburg
81%
Indien Delhi
80%
Australien Perth
78%
Spanien Valencia
78%
Italien Turin
77%
Canada Vancouver
76%
Spanien Sevilla
74%
Vereinigte Staaten San Francisco
71%
Canada Montreal
69%
Vereinigte Staaten Washington D.C.
69%
Australien Brisbane
66%
Frankreich Nizza
59%
Vereinigtes Königreich Leeds
58%
China Guangzhou / Shenzhen
56%
Frankreich Toulouse
56%
Brasilien Belo Horizonte
54%
Indien Kalkutta
54%
Italien Palermo
54%
Australien Adelaide
53%
Spanien Bilbao
50%
Canada Edmonton
43%
Canada Calgary
40%
Indien Chennai
40%
Russia Weliki Nowgorod
36%
Russia Jekaterinburg
30%
Brasilien Porto Alegre
27%
China Tianjin
25%
China Xiamen
22%
Indien Bengaluru
21%
Russia Novosibirsk
18%
Keine übereinstimmenden Quizze gefunden
Verteilung der Resultate
Anzahl Personen mit jedem Resultat
Perzentil nach korrekt beantworteten Fragen
Ihre Resultats-Entwicklung
Sie haben dieses Quiz seit der letzten Aktualisierung nicht gespielt